1259 1031 1339 1458 1365 1754 1983 1570 1919 1795 1104 1521 1150 1030 1984 1146 1527 1475 1665 1139 1126 1145 1761 1268 1253 1110 1495 1287 1867 1038 1961 1092 1362 1353 1501 1056 1385 1736 1918 1825 1065 1527 1566 1205 1132 1281 1428 1580 1942 1817 1426 1070 1074 1958 1810 1162 1717 1435 1505 1716 1884 1730 1371 1101 1244 1755 1791 1481 1631 1858 1220 1315 1710 1220 1390 1852 1933 1584 1893 1615 1603 1807 1195 1258 1726 1266 1136 1883 1331 1061 1039 1994 1495 1275 1263 1525 1260 1259 1618 BCNSPRNW ULIB Ver.6.0+V

เปลี่ยนเป็นภาษาไทย

Change to English
 แสดงรายละเอียดบรรณานุกรม
  กลับหน้าหลัก

Brief Record : Get Marc (ISO 2709) : E-mail record : QR code < ปิดหน้าต่าง
LEADER : 00000nam 2200000uu 4500
001    13399122094
003     ULIB
008    121226s2551||||th 000 0 tha d
020    ^a9789743934889
060 04 ^aWI950^bพ526ส 2551
100 0  ^aพัฒน์พงศ์ นาวีเจริญ
245 10 ^aไส้เลื่อน /^cพัฒน์พงศ์ นาวีเจริญ,เขียน
250    ^aพิมพ์ครั้งที่ 1
260    ^aกรุงเทพฯ :^bอมรินทร์สุขภาพ,^c2551
300    ^a93 หน้า :^bภาพประกอบ
650  7 ^aไส้เลื่อน
650  7 ^aไส้เลื่อน^xการรักษา
945    ^p89^l0^i17731
945    ^p89^l0^i17732
995    ^aทศพร
999    ^aทศพร เกษรทอง
รายการนี้ยังไม่มีแท็ก
คุณยังไม่ได้ล็อกอิน คุณสามารถมีกิจกรรมร่วมกับเว็บไซต์ได้ แต่ต้องล็อกอินก่อน ::
  ล็อกอิน

รายการสื่อสารสนเทศ

ลำดับที่ ประเภท เลขเรียก/บาร์โค้ด สถานที่ สถานะ
1. วิทยาศาสตร์การแพทย์ และสุขภาพ
วิทยาศาสตร์การแพทย์ และสุขภาพ
WI950 พ526ส 2551 ฉ.1 
  Barcode: 17731
ห้องสมุดวิทยาเขตสวรรค์ประชารักษ์
►ส่วนจัดเก็บหนังสือเก่า สปร
บนชั้น
  ขอยืม
2. วิทยาศาสตร์การแพทย์ และสุขภาพ
วิทยาศาสตร์การแพทย์ และสุขภาพ
WI950 พ526ส 2551 ฉ.3 
  Barcode: 17732
ห้องสมุดวิทยาเขตสวรรค์ประชารักษ์
►ส่วนจัดเก็บหนังสือเก่า สปร
บนชั้น
  ขอยืม

รายการใกล้เคียง
    ผู้แต่ง [พัฒน์พงศ์ นาวีเจริญ]

    หัวเรื่อง [ไส้เลื่อน]

BibComment


ยังไม่เคยถูกคอมเมนท์

คอมเมนท์ทรัพยากรรายการนี้
  คอมเมนท์: ไส้เลื่อน พัฒน์..


 Copyright 2026. Bcnsprnw @Library